[Event "Bratto op-B 33rd"]
[White "Loccisano, Giuseppe"]
[Black "Guerini, Silvia"]
[Site "Bratto"]
[Round "6"]
[Result "1/2-1/2"]
[Date "2013.08.23"]
[WhiteElo "1772"]
[BlackElo "1773"]
[PlyCount "51"]
[EventDate "2013.08.18"]
[EventType "swiss"]
[EventRounds "8"]
[EventCountry "ITA"]
[SourceTitle "EXT 2015"]
[Source "ChessBase"]
[SourceDate "2014.11.20"]
[SourceVersion "1"]
[SourceVersionDate "2014.11.20"]
[SourceQuality "1"]

1. d4 d5 2. Bf4 Nf6 3. Nf3 Nc6 4. h3 Bd7 5. e3 a6 6. Bd3 e6 7. Nbd2 Nb4 8. Be2 c5 9. c3 Nc6 10. Bd3 Be7 11. 0-0 0-0 12. dxc5 Bxc5 13. Nb3 Ba7 14. Nbd4 Re8 15. Ne5 Rc8 16. Nxd7 Qxd7 17. Nxc6 Rxc6 18. Bg5 e5 19. Bc2 Rd6 20. Qd3 e4 21. Qd2 Qf5 22. Bh4 Rd7 23. Bg3 Bb8 24. Bxb8 Rxb8 25. Rad1 Rbd8 26. Bb3 1/2-1/2

[Event "Bratto op-B 33rd"]
[White "Hunt, Caro"]
[Black "Loccisano, Giuseppe"]
[Site "Bratto"]
[Round "5"]
[Result "0-1"]
[Date "2013.08.22"]
[WhiteElo "1833"]
[BlackElo "1772"]
[PlyCount "74"]
[EventDate "2013.08.18"]
[EventType "swiss"]
[EventRounds "8"]
[EventCountry "ITA"]
[SourceTitle "EXT 2015"]
[Source "ChessBase"]
[SourceDate "2014.11.20"]
[SourceVersion "1"]
[SourceVersionDate "2014.11.20"]
[SourceQuality "1"]

1. e4 e6 2. d4 d5 3. e5 c5 4. c3 Nc6 5. Nf3 Qb6 6. Bd3 Bd7 7. 0-0 cxd4 8. cxd4 Nxd4 9. Nxd4 Qxd4 10. Nc3 a6 11. Qe2 Ne7 12. Rd1 Nc6 13. Bxa6 Qxe5 14. Bxb7 Qxe2 15. Nxe2 Ra7 16. Bxc6 Bxc6 17. Nd4 Bd7 18. Be3 Rb7 19. b3 Be7 20. Rac1 Ba3 21. Rc2 e5 22. Nf3 d4 23. Bc1 Bd6 24. Bb2 0-0 25. Ne1 Ra8 26. Ba1 Be6 27. f4 f6 28. Rc6 Bg4 29. Rdc1 Ba3 30. R1c4 Bf8 31. fxe5 fxe5 32. Nd3 Rxa2 33. Bxd4 exd4 34. Rxd4 Rxb3 35. h3 Bf5 36. Nf4 g5 37. Nh5 Bxh3 0-1

[Event "Bratto op-B 33rd"]
[White "Loccisano, Giuseppe"]
[Black "Iasman, Inna"]
[Site "Bratto"]
[Round "3"]
[Result "0-1"]
[Date "2013.08.20"]
[WhiteElo "1772"]
[BlackElo "1970"]
[PlyCount "74"]
[EventDate "2013.08.18"]
[EventType "swiss"]
[EventRounds "8"]
[EventCountry "ITA"]
[SourceTitle "EXT 2015"]
[Source "ChessBase"]
[SourceDate "2014.11.20"]
[SourceVersion "1"]
[SourceVersionDate "2014.11.20"]
[SourceQuality "1"]

1. d4 d5 2. Bf4 Nf6 3. Nf3 Bf5 4. h3 e6 5. e3 Be7 6. Bd3 Bxd3 7. Qxd3 0-0 8. 0-0 c5 9. c3 Nc6 10. Nbd2 c4 11. Qc2 b5 12. e4 b4 13. Rfe1 Re8 14. Bg5 h6 15. Bxf6 Bxf6 16. e5 Be7 17. Nh2 Rb8 18. f4 g6 19. Ng4 h5 20. Ne3 Bf8 21. Nf3 Bh6 22. g3 Kh7 23. Ng2 Rh8 24. Nfh4 Qe7 25. Rf1 Kg8 26. Nxg6 fxg6 27. Qxg6+ Bg7 28. Qc2 Qf7 29. Nh4 Ne7 30. f5 exf5 31. Nxf5 Nxf5 32. Rxf5 Qg6 33. Rf8+ Kh7 34. Rxh8+ Bxh8 35. Qf2 Bg7 36. Qg2 bxc3 37. bxc3 Qd3 0-1

[Event "Bratto op-B 33rd"]
[White "Papale, Carmelo"]
[Black "Loccisano, Giuseppe"]
[Site "Bratto"]
[Round "2"]
[Result "1/2-1/2"]
[Date "2013.08.19"]
[WhiteElo "1858"]
[BlackElo "1772"]
[PlyCount "60"]
[EventDate "2013.08.18"]
[EventType "swiss"]
[EventRounds "8"]
[EventCountry "ITA"]
[SourceTitle "EXT 2015"]
[Source "ChessBase"]
[SourceDate "2014.11.20"]
[SourceVersion "1"]
[SourceVersionDate "2014.11.20"]
[SourceQuality "1"]

1. e4 e6 2. d4 d5 3. Nc3 Nf6 4. e5 Nfd7 5. Nf3 c5 6. Be2 Nc6 7. Bf4 cxd4 8. Nxd4 a6 9. 0-0 Ncxe5 10. Re1 Be7 11. Bh5 Ng6 12. Nxe6 fxe6 13. Rxe6 Nf6 14. Bxg6+ hxg6 15. Re5 Rh5 16. Bg5 Bf5 17. Rxf5 gxf5 18. Bxf6 g6 19. Qe2 Kf7 20. Be5 Bb4 21. Re1 Qd7 22. Qd3 Re8 23. f4 Qc6 24. Rf1 Bc5+ 25. Kh1 Bd6 26. Bd4 Qc4 27. Qd1 b5 28. a3 Qc6 29. Ne2 Rh4 30. Qd3 Qd7 1/2-1/2

[Event "Torino-ch Alfieri"]
[White "Moncelli, Giorgio"]
[Black "Loccisano, Giuseppe"]
[Site "Torino"]
[Round "1"]
[Result "1-0"]
[Date "2010.11.06"]
[WhiteElo "2081"]
[BlackElo "1800"]
[PlyCount "53"]
[EventDate "2010.11.06"]
[EventType "tourn"]
[EventRounds "7"]
[EventCountry "ITA"]
[SourceTitle "EXT 2024"]
[Source "ChessBase"]
[SourceDate "2023.10.10"]
[SourceVersion "1"]
[SourceVersionDate "2023.10.10"]
[SourceQuality "1"]

1. c4 Nf6 2. g3 e6 3. Bg2 d5 4. Nf3 b6 5. 0-0 Bb7 6. b3 Be7 7. Bb2 0-0 8. e3 Nbd7 9. Nc3 Nc5 10. Ne5 Nfd7 11. Nxd7 Qxd7 12. d4 Na6 13. Qe2 Bb4 14. cxd5 exd5 15. Nxd5 Bxd5 16. Bxd5 Qxd5 17. Qxa6 Rfe8 18. Rac1 Bd6 19. Ba3 h5 20. Bxd6 cxd6 21. Qc4 Qf3 22. Qc6 Qg4 23. Qxd6 Re6 24. Qd5 Rae8 25. h4 Rf6 26. Kg2 Rg6 27. Rc6 1-0

[Event "Senigallia op-A"]
[White "Loccisano, Giuseppe"]
[Black "Rizzi, Pietro"]
[Site "Senigallia"]
[Round "3"]
[Result "1-0"]
[Date "2010.07.27"]
[WhiteElo "1828"]
[BlackElo "1595"]
[PlyCount "109"]
[EventDate "2010.07.25"]
[EventType "swiss"]
[EventRounds "7"]
[EventCountry "ITA"]
[SourceTitle "CBM 137 Extra"]
[Source "ChessBase"]
[SourceDate "2010.09.01"]
[SourceVersion "1"]
[SourceVersionDate "2010.09.01"]
[SourceQuality "1"]

1. e4 c6 2. d4 d5 3. Nc3 dxe4 4. Nxe4 Bf5 5. Ng3 Bg6 6. h4 h6 7. h5 Bh7 8. Nf3 Nd7 9. Bd3 Bxd3 10. Qxd3 e6 11. Bd2 Ngf6 12. 0-0-0 Bd6 13. Ne4 Nxe4 14. Qxe4 Nf6 15. Qe2 Qc7 16. g3 0-0-0 17. Ne5 Bxe5 18. dxe5 Nd5 19. c4 Ne7 20. Bc3 c5 21. Qg4 Rhg8 22. Rxd8+ Qxd8 23. Rd1 Qc7 24. Qe4 Qc6 25. Qd3 Qc7 26. f4 Rd8 27. Qe4 Rxd1+ 28. Kxd1 Qc6 29. Qe2 Qa4+ 30. b3 Qd7+ 31. Kc2 Nf5 32. Qf2 Qc6 33. g4 Qe4+ 34. Kb2 Qe3 35. Qxe3 Nxe3 36. g5 hxg5 37. fxg5 Nf5 38. Kc2 Kd7 39. Bd2 Ke8 40. Kc3 Kd7 41. h6 gxh6 42. gxh6 Nxh6 43. Bxh6 b6 44. Bf8 Kc6 45. Be7 a6 46. a3 Kd7 47. Bf8 Ke8 48. Bg7 Kd7 49. b4 Kc6 50. Bf8 cxb4+ 51. axb4 b5 52. c5 Kd5 53. Kd3 f5 54. exf6 e5 55. c6 1-0

[Event "Turin Piemonte op 9th"]
[White "Loccisano, Giuseppe"]
[Black "Nigrelli, Vittorio"]
[Site "Turin"]
[Round "2"]
[Result "1/2-1/2"]
[Date "2009.09.19"]
[WhiteElo "1803"]
[BlackElo "1473"]
[PlyCount "77"]
[EventDate "2009.09.18"]
[EventType "swiss"]
[EventRounds "5"]
[EventCountry "ITA"]
[SourceTitle "EXT 2012"]
[Source "ChessBase"]
[SourceDate "2011.11.24"]
[SourceVersion "1"]
[SourceVersionDate "2011.11.24"]
[SourceQuality "1"]

1. e4 c5 2. c3 d5 3. exd5 Qxd5 4. d4 Nc6 5. Nf3 cxd4 6. cxd4 Nf6 7. Nc3 Qd8 8. d5 Nb8 9. Bc4 g6 10. 0-0 Bg7 11. Bg5 0-0 12. Qd2 Nbd7 13. d6 exd6 14. Qxd6 Nb6 15. Qxd8 Rxd8 16. Bb3 Re8 17. Rfe1 Be6 18. Bxe6 Rxe6 19. Rxe6 fxe6 20. Rd1 h6 21. Bc1 Nfd5 22. Nxd5 Nxd5 23. Nd4 Kf7 24. g3 a6 25. Nf3 Rc8 26. Bd2 Rc2 27. Bc1 g5 28. Re1 Bxb2 29. Bxg5 hxg5 30. Nxg5+ Kg6 31. Nxe6 Rc1 32. Kf1 Rxe1+ 33. Kxe1 b5 34. Kd2 a5 35. Kc2 Bf6 36. Nc5 Kf5 37. Nb7 a4 38. Nd6+ Kg6 39. Nxb5 1/2-1/2

[Event "Turin Piemonte op 5th"]
[White "Fassio, Luca"]
[Black "Loccisano, Giuseppe"]
[Site "Turin"]
[Round "1"]
[Result "1-0"]
[Date "2003.12.04"]
[WhiteElo "2123"]
[BlackElo "1600"]
[PlyCount "51"]
[EventDate "2003.12.04"]
[EventType "swiss"]
[EventRounds "7"]
[EventCountry "ITA"]
[SourceTitle "EXT 2008"]
[Source "ChessBase"]
[SourceDate "2007.11.25"]
[SourceVersion "1"]
[SourceVersionDate "2007.11.25"]
[SourceQuality "1"]

1. e4 e6 2. d4 d5 3. Nd2 Nf6 4. e5 Nfd7 5. Bd3 c5 6. c3 Nc6 7. Ne2 f6 8. exf6 Nxf6 9. Nf3 Bd6 10. 0-0 0-0 11. dxc5 Bxc5 12. Ned4 Nxd4 13. cxd4 Bd6 14. Re1 Qb6 15. Ne5 Bxe5 16. Rxe5 Bd7 17. b3 Kh8 18. Bb2 Qd6 19. a4 Rf7 20. Ba3 Qb6 21. Bc5 Qd8 22. a5 Qe8 23. Qe2 Ng8 24. Rh5 Nh6 25. g4 Rf4 26. Rxh6 1-0